000 005030000a22001570004500
003 MACL
005 20180216165915.0
008 180216b xxu||||| |||| 00| 0 eng d
040 _cmacl
100 _aगोयल ,गीतिका
_970401
245 _aआआे सीखे ज्ञान की बाते
260 _aदिल्‍ली
_bग्‍योबल विजन
_c2009
350 _a150
650 _aचिल्‍ड्रन बुक
_9159
942 _cHIN
_k741.642
_2ddc
999 _c48708
_d48708